| 000 | 00383nam a2200145 i 4500 | ||
|---|---|---|---|
| 001 | bg | ||
| 245 | 0 |
_aCzłowiek w technicznym środowisku pracy : _bpraca zbiorowa / _cpod red. Mariana Eckerta. |
|
| 260 |
_aZielona Góra, _c1984. |
||
| 700 | 1 |
_aEckert, Marian. _eRed. |
|
| 040 | _cBPK | ||
| 041 | _apol | ||
| 080 | _a331 | ||
| 942 | _cKS | ||
| 008 | s pl f |000 0 pol | ||
| 999 |
_c28171 _d28171 |
||
| 856 |
_uhttp://koha.tu.koszalin.pl/cgi-bin/koha/opac-detail.pl?biblionumber=28171 _yKatalog online BPK |
||